01374cam a2200301 i 4500001001100000003000700011005001700018008004100035020002800076040002700104042000900131090001200140245017300152246011600325246004100441246005300482250001100535260007600546300004700622610003700669650002500706650002200731650001900753700001600772942001400788999001500802952025500817.b28222295YEEZEN20250711153224.0240619s2023 ch ah e 000 0cchi d a9789869221733q(平裝) aTWFJUbchieccrcTWFJU anbic a419.33300a驚蟄 :學術的桂冠 不一樣的江湖 卓越與共好b長庚醫院創始的足跡與淬鍊 : 學術的桂冠 不一樣的江湖 卓越與共好 /c簡榮南主編1 i版權頁副題名:a長庚醫院創始的足跡與淬鍊 :b學術的桂冠.不一樣的江湖.卓越與共好30a長庚醫院創始的足跡與淬鍊30a學術的桂冠不一樣的江湖卓越與共好 a初版 a桃園市 :b長庚醫療財團法人林口長庚紀念醫院,c2023.11 a265面 :b部分彩圖, 書影 ;c23公分27a林口長庚紀念醫院2lcstt. 7a口述歷史2lcstt. 7a人物志2lcstt. 7a訪談2lcstt.1 a簡, 榮南 2cclcBOOK c7657d7657 00102ccl4070ayeezenbyeezencYEEZENd2025-07-11l0o419.333pC03246r2025-07-11 00:00:00w2025-07-11yBOOKz驚蟄:長庚醫院創始的足跡與淬鍊:學術的桂冠.不一樣的江湖.卓越與共好 財團醫療法人財團林口長庚醫院